| 000 | 00366nam a2200097Ia 4500 | ||
|---|---|---|---|
| 008 | 160329s9999 xx 000 0 und d | ||
| 245 | _aTourism and Hospitality Information Website | ||
| 500 | _aProvides information about the Tourism & Hospitality Industry and Tourism & Hospitality Education. | ||
| 650 | _aTourism. | ||
| 856 | _uhttp://touritalityinfsite.yolasite.com/ | ||
| 999 |
_c293002 _d293002 |
||